Autism and applied behavior analysis (Record no. 375912)

MARC details
000 -LEADER
fixed length control field 00577nam a2200181Ia 4500
008 - FIXED-LENGTH DATA ELEMENTS--GENERAL INFORMATION
fixed length control field 191130s2005##################000#0#eng##
020 ## - INTERNATIONAL STANDARD BOOK NUMBER
ISBN 9780805894868
082 ## - DEWEY DECIMAL CLASSIFICATION NUMBER
Classification number 618.9289 WOL
100 ## - MAIN ENTRY--AUTHOR NAME
Personal name Wolfe, Pamela
245 ## - TITLE STATEMENT
Title Autism and applied behavior analysis
Statement of responsibility, etc Pamela Wolfe; John T Neisworth
260 ## - PUBLICATION, DISTRIBUTION, ETC. (IMPRINT)
Place of publication Mahwah, N.J
Name of publisher Lawrence Erlbaum Associates
Year of publication 2005
300 ## - PHYSICAL DESCRIPTION
Number of Pages 63 p. : ill. ; 24 cm
650 ## - SUBJECT ADDED ENTRY--TOPICAL TERM
Topical Term Autism in children-Treatment(21)
Topical Term Autistic children--Behavior modification
700 ## - ADDED ENTRY--PERSONAL NAME
Personal name Neisworth, John T
942 ## - ADDED ENTRY ELEMENTS (KOHA)
Koha item type English Books
Holdings
Withdrawn status Lost status Damaged status Not for loan Home library Current library Shelving location Date acquired Full call number Accession Number Price effective from Koha item type
        Anna Centenary Library Anna Centenary Library 5TH FLOOR, B WING 17.10.2020 618.9289 WOL 180666 17.10.2020 English Books

Find us on the map